Vplyv poistenia na trhovú rovnovážnu cenu - postratová analýza
Spôsoby odškodňovanie majiteľov firmy, ktorá utrpí stratu v dôsledku náhodnej udalosti alebo kalamity v závislosti od poistných zmlúv. Ak transakčné náklady na obnovu zničených zdrojov nebudú pokryté poistkou, nebude poistenie schopné poskytnúť úplnú ochranu pred stratou trhovej hodnoty majetku.
Salvato in:
| Autore principale: | |
|---|---|
| Natura: | Capitolo di libro |
| Lingua: | slovacco |
| Soggetti: | |
| Tags: |
Nessun Tag, puoi essere il primo ad aggiungerne!!
|
MARC
| LEADER | 00000naa$a2200000$$$4500 | ||
|---|---|---|---|
| 001 | 0045996 | ||
| 005 | 20240502071532.0 | ||
| 041 | 0 | |a slo | |
| 044 | |a SK | ||
| 245 | 1 | 0 | |a Vplyv poistenia na trhovú rovnovážnu cenu - postratová analýza |c Anna Starečková |
| 520 | |a Spôsoby odškodňovanie majiteľov firmy, ktorá utrpí stratu v dôsledku náhodnej udalosti alebo kalamity v závislosti od poistných zmlúv. Ak transakčné náklady na obnovu zničených zdrojov nebudú pokryté poistkou, nebude poistenie schopné poskytnúť úplnú ochranu pred stratou trhovej hodnoty majetku. | ||
| 610 | 2 | 0 | |a firmy |
| 610 | 2 | 0 | |a udalosti poistné |
| 610 | 2 | 0 | |a poistenie |
| 610 | 2 | 0 | |a poistné |
| 610 | 2 | 0 | |a ceny trhové |
| 610 | 2 | 0 | |a hodnota trhová |
| 610 | 2 | 0 | |a majetok |
| 610 | 2 | 0 | |a náhrada škody |
| 610 | 2 | 0 | |a náhrada poistná |
| 100 | 1 | |a Starečková, Anna | |